| 000 | 00508nam a2200169 i 4500 | ||
|---|---|---|---|
| 001 | 57743 | ||
| 003 | ES-MaACL | ||
| 005 | 20230906163634.0 | ||
| 007 | t| | ||
| 008 | 031017s1971 sp ||||1| spa d | ||
| 100 | 1 |
_aDreher, Bruno. _945594 |
|
| 245 | 1 | 3 |
_aLa liberación del hombre _b: el mensaje de la Biblia / _cBruno Dreher. |
| 260 |
_aEstella (Navarra) : _bVerbo Divino, _c[1971] |
||
| 300 |
_a225 p. : _bil. ; _c19 cm. |
||
| 852 |
_aES-MaACL _jC-49015 _bR.78229 |
||
| 852 |
_aES-MaACL _jC-56696 _bR.89400 |
||
| 999 |
_c57743 _d57743 |
||